Zhodnotenie analgetického účinku preparátu Rompun u domácich zvierat

Bibliographic Details
Main Authors: Janda, J. (Author), Tkáč, Ján, 1931- (Author), Balun, J. (Author)
Format: Article
Language:Slovak
PhysicalDescription:Grafy 3.
Subjects:

MARC

LEADER 00000cab a2200000 a 4500
001 vtls000057378
003 SK-MaSNL
005 20260305002946.0
008 250423|1976 xo ||||||| || 0 |slo
015 |a SNBRA19rr/mm-uuuuu 
035 |a CL0067475 
035 |a urn:nbn:sk:snk-ab9iir 
035 |a (urnnbn)urn:nbn:sk:snk:ar-a08fxm 
035 |a (uuid)7221a84a-f665-40ee-9969-753b730881a1 
040 |a SNKBUCL  |b slo  |c SNKBUCL  |e AACR2 
041 0 |a slo  |b eng  |b rus 
044 |a xo  |c SK 
080 |a 619  |2 1981 
080 |a 616  |2 1981 
100 1 |a Janda, J.  |4 aut  |9 556367 
245 1 0 |a Zhodnotenie analgetického účinku preparátu Rompun u domácich zvierat  |c J. Janda, J. Tkáč, J. Balun 
300 |b Grafy 3. 
546 |a Res. rus., angl. 
650 0 7 |a veterinárna medicína  |2 snkbucl  |9 1148 
650 0 7 |a analgetiká  |2 snkbucl  |9 13818 
650 0 7 |a domáce zvieratá  |2 snkbucl  |9 1096 
655 7 |a články zo zborníkov  |2 snkbucl  |9 166140 
700 1 |a Tkáč, Ján,  |d 1931-  |4 aut  |9 37214 
700 1 |a Balun, J.  |4 aut  |9 803068 
773 0 |t Folia veterinaria 20  |d Bratislava : Veda, 1976  |g S. 193-204 
850 |a Slovenská národná knižnica 
852 |a Slovenská národná knižnica 
954 |a odborná, vedecká literatúra pôvodná (slovenská)  |2 lita 
958 |a article13 
958 |a RK 
958 |a MI 
958 |a OND 
958 |a EUIPO 
992 |a RZB 
999 |c 3227913  |d 3229843